Science in the park
| Main Author: | |
|---|---|
| Format: | Book |
| Published: |
London :
Watts Books ,
1993
|
| Series: | Everday science
|
| Subjects: |
MARC
| LEADER | 00000cam a2200000 7i4500 | ||
|---|---|---|---|
| 001 | 0000002500 | ||
| 002 | 000002724 | ||
| 005 | 20060206.0 | ||
| 020 | |a 0749606223 | ||
| 090 | 0 | 0 | |a 372.35 |b EVE |
| 100 | 1 | |a Riley, Peter D | |
| 245 | 1 | 0 | |a Science in the park |c Peter D.Riley |
| 260 | |a London : |b Watts Books , |c 1993 | ||
| 300 | |a 32p. : |b ill ; |c 27cm. | ||
| 490 | 0 | |a Everday science | |
| 650 | 0 | 0 | |a Science |x Juvenile literature |
| 999 | |a 036205 |b BUKU |c JUNIOR BOOKS |e PERPUSTAKAAN KOMUNITI CAW KOTA DAMANSARA | ||